Statistics for Geography questions.

Click here to take the quiz!

General Stats

  • This quiz has been taken 150 times
  • The average score is 12 of 15

Answer Stats

Question.Answer!% Correct
Name the largest country in the world. (Surface area.)Russia
100%
Name the country with the largest population.China
98%
Name the largest river in the world.The river Nile
96%
Largest mountain in the world?Mount Everest.
89%
How many states are there in the USA?50
88%
Which country holds the majority of the Amozon rainforest?Brazil
88%
Name the smallest country in the world.Vatican city
88%
What country borders the USA to the south?Mexico
87%
What is the capital of Australia?Canberra
85%
What is the capital of Indonesia?Jakarta
81%
How many countries are there in the world?196
80%
What is the biggest country in Europe? (Hint: It's not Russia)Ukraine
76%
Give the northernmost country.Greenland. (Denmark.)
51%
What is the richest country in the world?Qatar
38%
How many counties are the in Great Britain?86
12%

Score Distribution

Percentile by Number Answered

Percent of People with Each Score

Your Score History

You have not taken this quiz